ՀՀ Գիտությունների ազգային ակադեմիայի հիմնարար գիտական գրադարան  =   Fundamental Scientific Library of NAS RA

Поверхностно-активные вещества в наземных экосистемах / (Record no. 143047)

MARC details
000 -LEADER
fixed length control field 01437nam a2200265 u 4500
001 - CONTROL NUMBER
control field 000374320
003 - CONTROL NUMBER IDENTIFIER
control field AM-YeHGA
005 - DATE AND TIME OF LATEST TRANSACTION
control field 20250617132005.0
008 - FIXED-LENGTH DATA ELEMENTS--GENERAL INFORMATION
fixed length control field 041027s1988 ||| r 000 0 rus d
040 ## - CATALOGING SOURCE
Original cataloging agency AM-YeHGA
041 0# - LANGUAGE CODE
Language code of text/sound track or separate title rus
090 ## - LOCALLY ASSIGNED LC-TYPE CALL NUMBER (OCLC); LOCAL CALL NUMBER (RLIN)
-- 144428
100 1# - MAIN ENTRY--PERSONAL NAME
Personal name Ханисламова, Гузэль Махмудовна
245 10 - TITLE STATEMENT
Title Поверхностно-активные вещества в наземных экосистемах /
Statement of responsibility, etc. Г.М. Ханисламова, Р.Р. Кабиров, Р.Х. Хазипова; Под. ред.: Р.Г. Минибаева; Башк. науч. центр.. Урал. отд-ния АН СССР. Отд. биохимии и цитохимии.
260 ## - PUBLICATION, DISTRIBUTION, ETC.
Place of publication, distribution, etc. Уфа :
Name of publisher, distributor, etc. [Б. и.],
Date of publication, distribution, etc. 1988.
300 ## - PHYSICAL DESCRIPTION
Extent 143 с.
Other physical details ил.
504 ## - BIBLIOGRAPHY, ETC. NOTE
Bibliography, etc. note Библиогр.: с. 133-142
653 0# - INDEX TERM--UNCONTROLLED
Uncontrolled term Поверхностно-активные вещества - Круговорот в природе
653 0# - INDEX TERM--UNCONTROLLED
Uncontrolled term Почвы -Загрязнения
653 0# - INDEX TERM--UNCONTROLLED
Uncontrolled term Экологические системы наземные - Значение антропического фактора
700 1# - ADDED ENTRY--PERSONAL NAME
Personal name Кабиров, Рустэм Расшатович
700 1# - ADDED ENTRY--PERSONAL NAME
Personal name Хазипова, Разиля Халитовна
700 1# - ADDED ENTRY--PERSONAL NAME
Personal name Минибаев, Р.Г.
Relator term ред.
Relationship edt
710 2# - ADDED ENTRY--CORPORATE NAME
Corporate name or jurisdiction name as entry element Башкирский научный центр УрО АН СССР
Subordinate unit Отдел биохимии и цитохимии
Holdings
Withdrawn status Lost status Damaged status Not for loan Collection Home library Current library Date acquired Total checkouts Full call number Barcode Date last seen Price effective from Koha item type Public note
        General Fundamental Scientific Library Fundamental Scientific Library 22/12/2016   504.054 120607096 22/12/2016 22/12/2016 Գրքեր / Books 30 Days Loan
        General Fundamental Scientific Library Fundamental Scientific Library 22/12/2016   504.054 120624831 22/12/2016 22/12/2016 Գրքեր / Books 30 Days Loan


ՀՀ ԳԱԱ հիմնարար գիտական գրադարան
ՀՀ,Երևան 0019
Մարշալ Բաղրամյան 24/6
հեռախոս:(374-10) 52-47-50
Հետադարձ կապ

All site content, except where otherwise noted, is licensed under a
Creative Commons License